[Event "Madrid ch Veteranos 2324"]
[Site "Madrid ESP"]
[Date "2024.03.19"]
[Round "7.18"]
[White "Rodriguez Rodriguez, Ricardo"]
[Black "Pashov, Spas Nikolov"]
[Result "0-1"]
[WhiteElo "1786"]
[BlackElo "1881"]
[PlyCount "82"]
[EventDate "2024.03.11"]
[EventType "swiss"]
[EventRounds "9"]
[EventCountry "ESP"]
[SourceTitle "Ajedrez en Madrid"]
[Source "lmi"]
[SourceDate "2024.03.11"]
[SourceVersion "1"]
[SourceVersionDate "2024.03.23"]
[SourceQuality "1"]

1. e4 e5 2. Nf3 Nc6 3. Nc3 Nf6 4. d4 exd4 5. Nd5 Be7 6. Nxd4 Nxe4 7. Be2 O-O 8.
Nxe7+ Qxe7 9. Nxc6 bxc6 10. O-O h6 11. Bf4 Qf6 12. Bxc7 Qxb2 13. Bd3 Qb7 14.
Ba5 d5 15. Rb1 Qd7 16. Bxe4 dxe4 17. Qe2 Qf5 18. Qd2 Be6 19. a3 Rab8 20. Bc7
Rb5 21. Qe3 a5 22. a4 Rb4 23. Rxb4 axb4 24. Bd6 Ra8 25. Bxb4 Rxa4 26. c3 Bd5
27. h3 Ra2 28. Rc1 Qe6 29. Bc5 f5 30. Bd4 Qd6 31. Bc5 Qc7 32. c4 Bf7 33. g3 Qd7
34. Qd4 Qe8 35. Qd6 Qe6 36. Bb4 Ra4 37. Qb8+ Kh7 38. c5 Qb3 39. Qc8 Rxb4 40.
Qxf5+ Bg6 41. Qc8 e3 0-1

[Event "Madrid ch Veteranos 2324"]
[Site "Madrid ESP"]
[Date "2024.03.19"]
[Round "7.19"]
[White "Sanchez Peral, Pedro"]
[Black "Alberdi Garcia, Carlos Alfonso"]
[Result "1/2-1/2"]
[WhiteElo "1875"]
[BlackElo "1765"]
[PlyCount "82"]
[EventDate "2024.03.11"]
[EventType "swiss"]
[EventRounds "9"]
[EventCountry "ESP"]
[SourceTitle "Ajedrez en Madrid"]
[Source "lmi"]
[SourceDate "2024.03.11"]
[SourceVersion "1"]
[SourceVersionDate "2024.03.23"]
[SourceQuality "1"]

1. d4 Nf6 2. Bf4 d5 3. e3 c5 4. c3 Qb6 5. Qb3 c4 6. Qc2 e6 7. Nf3 Bd6 8. Bg3
Nbd7 9. Nbd2 O-O 10. Be2 Qc7 11. O-O Bxg3 12. hxg3 e5 13. dxe5 Nxe5 14. e4
Nxf3+ 15. Bxf3 dxe4 16. Nxe4 Nxe4 17. Qxe4 Be6 18. Rfd1 Rfd8 19. Rd4 Rab8 20.
Rad1 Re8 21. Qf4 Qxf4 22. gxf4 b5 23. Bc6 Rf8 24. Bd7 g6 25. g3 Rb7 26. Kg2 Kg7
27. Kf3 Rd8 28. Bxe6 Rxd4 29. Rxd4 fxe6 30. Ke4 Kf6 31. Rd6 h5 32. f3 a5 33.
Ra6 a4 34. Rc6 Rd7 35. Rb6 Rd5 36. g4 hxg4 37. fxg4 Kf7 38. g5 Ke7 39. Rb7+ Kf8
40. Rc7 Rf5 41. Rd7 Rc5 1/2-1/2

[Event "Madrid ch Veteranos 2324"]
[Site "Madrid ESP"]
[Date "2024.03.19"]
[Round "7.20"]
[White "Perez Pascual, Arturo"]
[Black "Fernandez Garcia, Ignacio"]
[Result "1-0"]
[WhiteElo "1710"]
[BlackElo "1873"]
[PlyCount "67"]
[EventDate "2024.03.11"]
[EventType "swiss"]
[EventRounds "9"]
[EventCountry "ESP"]
[SourceTitle "Ajedrez en Madrid"]
[Source "lmi"]
[SourceDate "2024.03.11"]
[SourceVersion "1"]
[SourceVersionDate "2024.03.23"]
[SourceQuality "1"]

1. e4 d6 2. d4 g6 3. Nc3 Bg7 4. Be3 Nf6 5. f4 c6 6. Nf3 d5 7. e5 Ne4 8. Nxe4
dxe4 9. Nd2 h5 10. Nxe4 Bg4 11. Qd2 Na6 12. Bxa6 bxa6 13. h3 Bf5 14. Nc5 Rb8
15. b3 a5 16. O-O-O Bc8 17. Qe2 e6 18. g4 Bf8 19. Ne4 Be7 20. f5 a4 21. fxg6
axb3 22. gxf7+ Kf8 23. cxb3 Qa5 24. Nc5 Qc3+ 25. Kb1 Qa5 26. Bd2 Qb6 27. Qc4
Bxc5 28. dxc5 Qa6 29. Qd4 Kg7 30. gxh5 Rf8 31. Qg4+ Kh8 32. Bh6 Rxf7 33. Rd8+
Kh7 34. Qg6# 1-0

[Event "Madrid ch Veteranos 2324"]
[Site "Madrid ESP"]
[Date "2024.03.19"]
[Round "7.21"]
[White "Ruiz Quevedo, Andres"]
[Black "Ortega Molina, Tomas"]
[Result "1-0"]
[WhiteElo "1865"]
[BlackElo "1716"]
[PlyCount "73"]
[EventDate "2024.03.11"]
[EventType "swiss"]
[EventRounds "9"]
[EventCountry "ESP"]
[SourceTitle "Ajedrez en Madrid"]
[Source "lmi"]
[SourceDate "2024.03.11"]
[SourceVersion "1"]
[SourceVersionDate "2024.03.23"]
[SourceQuality "1"]

1. c4 c5 2. g3 Nc6 3. Bg2 Nf6 4. Nc3 d6 5. Nf3 Bg4 6. h3 Bh5 7. O-O e5 8. d3
Be7 9. Bg5 O-O 10. a3 a5 11. Rb1 Rb8 12. Bxf6 Bxf6 13. Ne1 Nd4 14. Nc2 Re8 15.
Re1 Be7 16. Nxd4 exd4 17. Nd5 f5 18. b4 axb4 19. axb4 b6 20. Ra1 Bf6 21. Ra7
Re5 22. Nf4 Bf7 23. Bc6 Re7 24. Rxe7 Qxe7 25. b5 g5 26. Nd5 Bxd5 27. Bxd5+ Kg7
28. Qc2 h5 29. Bf3 g4 30. hxg4 hxg4 31. Bg2 Rh8 32. Ra1 Be5 33. Ra6 Bxg3 34.
Qd2 Bf4 35. Qxf4 Qxe2 36. Qg5+ Kf7 37. Qxf5+ 1-0

[Event "Madrid ch Veteranos 2324"]
[Site "Madrid ESP"]
[Date "2024.03.19"]
[Round "7.22"]
[White "Prada Lopez, Miguel Angel"]
[Black "Lobato Palomo, Manuel Angel"]
[Result "0-1"]
[WhiteElo "2048"]
[BlackElo "1804"]
[PlyCount "86"]
[EventDate "2024.03.11"]
[EventType "swiss"]
[EventRounds "9"]
[EventCountry "ESP"]
[SourceTitle "Ajedrez en Madrid"]
[Source "lmi"]
[SourceDate "2024.03.11"]
[SourceVersion "1"]
[SourceVersionDate "2024.03.23"]
[SourceQuality "1"]

1. b3 d5 2. Bb2 e6 3. e3 Nf6 4. Nf3 Nbd7 5. c4 c6 6. Qc2 Bd6 7. cxd5 exd5 8. d4
Qe7 9. Nbd2 O-O 10. Bd3 h6 11. Nh4 Nb6 12. Nf5 Bxf5 13. Bxf5 Rfe8 14. O-O Nbd7
15. Rfe1 g6 16. Bh3 Nb6 17. f3 Nh5 18. g3 Nxg3 19. hxg3 Bxg3 20. Nf1 Bxe1 21.
Rxe1 Qh4 22. Qf2 Qxh3 23. Ba3 Re6 24. e4 dxe4 25. fxe4 Rae8 26. e5 Nd5 27. Re4
Qf5 28. Qxf5 gxf5 29. Rh4 Rg6+ 30. Kf2 f4 31. Nd2 Kh7 32. Ne4 Reg8 33. Rh2 Rg1
34. Bd6 Ra1 35. Kf3 Rgg1 36. a3 Rgf1+ 37. Kg4 Ne3+ 38. Kh3 Rh1 39. e6 Rxh2+ 40.
Kxh2 fxe6 41. Bxf4 Nf5 42. Nc5 Rxa3 43. Nxb7 Rxb3 0-1

[Event "Madrid ch Veteranos 2324"]
[Site "Madrid ESP"]
[Date "2024.03.19"]
[Round "7.23"]
[White "Jimenez Ascarza, Jose Ignacio"]
[Black "Martin Garcia, Luis I"]
[Result "0-1"]
[WhiteElo "1755"]
[BlackElo "1894"]
[PlyCount "86"]
[EventDate "2024.03.11"]
[EventType "swiss"]
[EventRounds "9"]
[EventCountry "ESP"]
[SourceTitle "Ajedrez en Madrid"]
[Source "lmi"]
[SourceDate "2024.03.11"]
[SourceVersion "1"]
[SourceVersionDate "2024.03.23"]
[SourceQuality "1"]

1. e4 e6 2. d4 d5 3. e5 c5 4. c3 Nc6 5. Nf3 Qb6 6. a3 Bd7 7. Be2 Nh6 8. b4 cxd4
9. cxd4 Nf5 10. Bb2 Na5 11. Nbd2 Nc6 12. Nb3 a6 13. O-O Na7 14. Qd2 Bb5 15.
Rac1 Bxe2 16. Qxe2 Be7 17. Rc2 O-O 18. Rfc1 Rfc8 19. Nc5 Rc6 20. h3 Rac8 21.
Qd2 Qb5 22. Qf4 b6 23. g4 bxc5 24. gxf5 cxb4 25. Rxc6 Rxc6 26. Rxc6 Qxc6 27. f6
Bf8 28. axb4 Qc2 29. Bc1 Nc6 30. Be3 Qg6+ 31. Kh2 Nxb4 32. Nh4 Qh5 33. Qg3 Nc2
34. fxg7 Be7 35. Ng2 Qg6 36. Qxg6 hxg6 37. Nf4 Nxe3 38. fxe3 a5 39. Ne2 a4 40.
Nc3 a3 41. Na2 Bg5 42. e4 dxe4 43. Kg3 Be3 0-1

[Event "Madrid ch Veteranos 2324"]
[Site "Madrid ESP"]
[Date "2024.03.19"]
[Round "7.24"]
[White "Garcia Santiago, Juan Carlos"]
[Black "Vukotic Jovsic, Dragan"]
[Result "1-0"]
[WhiteElo "1739"]
[BlackElo "1882"]
[PlyCount "57"]
[EventDate "2024.03.11"]
[EventType "swiss"]
[EventRounds "9"]
[EventCountry "ESP"]
[SourceTitle "Ajedrez en Madrid"]
[Source "lmi"]
[SourceDate "2024.03.11"]
[SourceVersion "1"]
[SourceVersionDate "2024.03.23"]
[SourceQuality "1"]

1. e4 e6 2. d4 d5 3. Nd2 Nf6 4. e5 Nfd7 5. Ngf3 c5 6. c3 Nc6 7. Bd3 cxd4 8.
cxd4 f6 9. Nb3 a5 10. exf6 Nxf6 11. Bb5 Bb4+ 12. Bd2 O-O 13. Bxc6 bxc6 14. Bxb4
axb4 15. O-O Ne4 16. Qc2 Ba6 17. Rfe1 Rxf3 18. gxf3 Qg5+ 19. Kh1 Qh5 20. fxe4
Qf3+ 21. Kg1 Rf8 22. Re3 Qf4 23. Nc5 Bb5 24. Rg3 Rf6 25. a4 bxa3 26. Raxa3 Qh4
27. Ra8+ Kf7 28. Ra7+ Ke8 29. Raxg7 1-0

[Event "Madrid ch Veteranos 2324"]
[Site "Madrid ESP"]
[Date "2024.03.19"]
[Round "7.25"]
[White "Ubillus Carrasco, Javier"]
[Black "Fernandez Rios, Jose Francisco"]
[Result "0-1"]
[WhiteElo "1879"]
[BlackElo "1770"]
[PlyCount "70"]
[EventDate "2024.03.11"]
[EventType "swiss"]
[EventRounds "9"]
[EventCountry "ESP"]
[SourceTitle "Ajedrez en Madrid"]
[Source "lmi"]
[SourceDate "2024.03.11"]
[SourceVersion "1"]
[SourceVersionDate "2024.03.23"]
[SourceQuality "1"]

1. e4 c5 2. Nf3 g6 3. Bc4 Bg7 4. c3 e6 5. d3 Ne7 6. Bg5 Nbc6 7. Bb3 O-O 8. Nbd2
d5 9. exd5 exd5 10. O-O f6 11. Bf4 Be6 12. Re1 Bf7 13. Nf1 Nf5 14. g4 Nfe7 15.
h4 Qd7 16. N3h2 d4 17. Bxf7+ Rxf7 18. c4 Ne5 19. Ng3 N7c6 20. a3 a5 21. Ne4 b6
22. Kh1 f5 23. Ng5 Rff8 24. gxf5 Qxf5 25. Re4 Rae8 26. Qe2 Re7 27. Re1 Rfe8 28.
Bg3 h6 29. Ngf3 Nxd3 30. Qxd3 Rxe4 31. Rd1 Ne5 32. Qb3 Nxf3 33. Nxf3 Re3 34.
fxe3 Qxf3+ 35. Kh2 Rxe3 0-1

[Event "Madrid ch Veteranos 2324"]
[Site "Madrid ESP"]
[Date "2024.03.19"]
[Round "7.26"]
[White "Menendez Domens, Juan Manuel"]
[Black "Martin-Consuegra Barrilero, Javi"]
[Result "1-0"]
[WhiteElo "1651"]
[BlackElo "1825"]
[PlyCount "87"]
[EventDate "2024.03.11"]
[EventType "swiss"]
[EventRounds "9"]
[EventCountry "ESP"]
[SourceTitle "Ajedrez en Madrid"]
[Source "lmi"]
[SourceDate "2024.03.11"]
[SourceVersion "1"]
[SourceVersionDate "2024.03.23"]
[SourceQuality "1"]

1. d4 d5 2. Nf3 Nf6 3. e3 Bf5 4. Bd3 Bxd3 5. Qxd3 c6 6. O-O Nbd7 7. Re1 Ne4 8.
c4 e6 9. Nbd2 Ndf6 10. b3 Be7 11. a4 O-O 12. Ne5 Bb4 13. Rf1 Bxd2 14. Bxd2 Nd7
15. Nxd7 Qxd7 16. Bb4 Rfe8 17. f3 Nf6 18. Rae1 dxc4 19. Qxc4 Rad8 20. Bc3 b5
21. axb5 cxb5 22. Qe2 Nd5 23. Bb2 Rc8 24. Rc1 a5 25. Rxc8 Rxc8 26. Rc1 Rxc1+
27. Bxc1 Qc6 28. Bb2 a4 29. e4 Nb6 30. bxa4 Nxa4 31. d5 exd5 32. exd5 Qc5+ 33.
Kf1 Nxb2 34. Qe8+ Qf8 35. Qxb5 Nd1 36. Qb3 Qd6 37. Qxd1 Qxh2 38. Qe2 Kf8 39.
Qe4 g6 40. Qb4+ Ke8 41. d6 Qe5 42. Qb8+ Kd7 43. Qc7+ Ke6 44. Qe7+ 1-0

[Event "Madrid ch Veteranos 2324"]
[Site "Madrid ESP"]
[Date "2024.03.19"]
[Round "7.27"]
[White "Ramos Antona, Enrique"]
[Black "Gimenez Buiza, Fernando"]
[Result "1/2-1/2"]
[WhiteElo "1736"]
[BlackElo "1824"]
[PlyCount "83"]
[EventDate "2024.03.11"]
[EventType "swiss"]
[EventRounds "9"]
[EventCountry "ESP"]
[SourceTitle "Ajedrez en Madrid"]
[Source "lmi"]
[SourceDate "2024.03.11"]
[SourceVersion "1"]
[SourceVersionDate "2024.03.23"]
[SourceQuality "1"]

1. Nf3 d5 2. c4 c6 3. g3 Nf6 4. b3 Bf5 5. Bg2 h6 6. O-O e6 7. Bb2 Bd6 8. d3 O-O
9. Nbd2 Nbd7 10. Re1 Ng4 11. e4 dxe4 12. dxe4 Bh7 13. h3 Nge5 14. Nxe5 Bxe5 15.
Bxe5 Nxe5 16. Nf3 Nxf3+ 17. Bxf3 Qc7 18. Qe2 Rad8 19. Rad1 e5 20. Rxd8 Rxd8 21.
Rd1 c5 22. Rd5 Kf8 23. Qd3 Ke7 24. Be2 f6 25. f3 Bg8 26. Rxd8 Qxd8 27. Qxd8+
Kxd8 28. Kf2 Kc7 29. Ke3 Be6 30. g4 Kc6 31. Kd2 a6 32. a4 h5 33. a5 g6 34. Kc3
hxg4 35. fxg4 g5 36. Bd3 b5 37. axb6 Kxb6 38. Bc2 Bd7 39. Bd3 Bc6 40. Kb2 Ka5
41. Kc3 Kb6 42. Kb2 1/2-1/2

[Event "Madrid ch Veteranos 2324"]
[Site "Madrid ESP"]
[Date "2024.03.19"]
[Round "7.28"]
[White "Serrano Garcia, Vicente"]
[Black "Hortelano Hap, Ramon"]
[Result "1-0"]
[WhiteElo "1836"]
[BlackElo "1680"]
[PlyCount "119"]
[EventDate "2024.03.11"]
[EventType "swiss"]
[EventRounds "9"]
[EventCountry "ESP"]
[SourceTitle "Ajedrez en Madrid"]
[Source "lmi"]
[SourceDate "2024.03.11"]
[SourceVersion "1"]
[SourceVersionDate "2024.03.23"]
[SourceQuality "1"]

1. d4 Nf6 2. Nf3 d5 3. Bf4 e6 4. e3 c5 5. c3 Nc6 6. Bd3 Be7 7. h3 O-O 8. Nbd2
Qb6 9. Rb1 Qa5 10. a4 a6 11. O-O c4 12. Bc2 b5 13. axb5 axb5 14. e4 Bb7 15. e5
Nh5 16. Bg5 f6 17. exf6 Nxf6 18. Ne5 Qc7 19. f4 b4 20. Bxf6 Rxf6 21. Qh5 g6 22.
Qg4 b3 23. Bd1 Raf8 24. h4 Rf5 25. Qg3 Nxe5 26. fxe5 Rxf1+ 27. Nxf1 Qd8 28. h5
Bh4 29. Qg4 Bf2+ 30. Kh1 Qh4+ 31. Nh2 Qxg4 32. Bxg4 Bc8 33. Nf3 gxh5 34. Bxh5
Be3 35. Re1 Bf2 36. Re2 Bg3 37. Kg1 Rf4 38. Ng5 h6 39. Nh3 Re4 40. Rxe4 dxe4
41. Bg6 Bb7 42. Kf1 Kg7 43. Bh5 e3 44. Bf3 Bxf3 45. gxf3 Kg6 46. Ke2 Kh5 47.
Kxe3 Kh4 48. Nf4 Kg5 49. Nxe6+ Kf5 50. Ng7+ Kg6 51. Ne8 h5 52. Nf6 h4 53. f4
Kf5 54. Nh5 Bh2 55. d5 h3 56. Kf3 Bg1 57. d6 h2 58. Kg2 Ke6 59. Ng7+ Kf7 60. d7
1-0

[Event "Madrid ch Veteranos 2324"]
[Site "Madrid ESP"]
[Date "2024.03.19"]
[Round "7.29"]
[White "Montero Montero, Juan Jose"]
[Black "Vasquez Escobar, Andres Eloy"]
[Result "1/2-1/2"]
[WhiteElo "1779"]
[BlackElo "1626"]
[PlyCount "68"]
[EventDate "2024.03.11"]
[EventType "swiss"]
[EventRounds "9"]
[EventCountry "ESP"]
[SourceTitle "Ajedrez en Madrid"]
[Source "lmi"]
[SourceDate "2024.03.11"]
[SourceVersion "1"]
[SourceVersionDate "2024.03.23"]
[SourceQuality "1"]

1. e4 c6 2. Nc3 d5 3. d3 dxe4 4. Nxe4 Bf5 5. Ng3 Bg6 6. Nf3 h6 7. Be2 e6 8. O-O
Nf6 9. d4 Be7 10. c3 O-O 11. Ne5 Bh7 12. Bd3 Nbd7 13. Bxh7+ Nxh7 14. Nxd7 Qxd7
15. Be3 a6 16. a4 Rad8 17. Qe2 Nf6 18. c4 Bb4 19. h3 Qc8 20. Rfd1 Ba5 21. Rab1
Bc7 22. Qf3 Nh7 23. Bf4 Bxf4 24. Qxf4 Qb8 25. Qe3 Nf6 26. b4 Rd7 27. b5 axb5
28. axb5 cxb5 29. Rxb5 Qc8 30. Rc5 Rc7 31. Rxc7 Qxc7 32. Rc1 Qd7 33. Ne4 Nxe4
34. Qxe4 Rd8 1/2-1/2

[Event "Madrid ch Veteranos 2324"]
[Site "Madrid ESP"]
[Date "2024.03.19"]
[Round "7.31"]
[White "Saflekos, Apostolos"]
[Black "Villodre Miranda, Juan Alonso"]
[Result "0-1"]
[WhiteElo "1639"]
[BlackElo "1727"]
[PlyCount "107"]
[EventDate "2024.03.11"]
[EventType "swiss"]
[EventRounds "9"]
[EventCountry "ESP"]
[SourceTitle "Ajedrez en Madrid"]
[Source "lmi"]
[SourceDate "2024.03.11"]
[SourceVersion "1"]
[SourceVersionDate "2024.03.23"]
[SourceQuality "1"]

1. e4 g6 2. Nf3 Bg7 3. d4 c6 4. Nc3 e6 5. Bf4 d5 6. e5 Ne7 7. g4 h5 8. Rg1 hxg4
9. Rxg4 Nf5 10. Ne2 Bh6 11. Qd2 Bxf4 12. Qxf4 Na6 13. c3 Bd7 14. Qg5 Qxg5 15.
Rxg5 O-O-O 16. Ng3 Nh4 17. Nd2 Nc7 18. c4 dxc4 19. Nxc4 Nf3+ 20. Ke2 Nxg5 21.
Ke3 Rxh2 22. f4 Nh7 23. Nd6+ Kb8 24. Nxf7 Rf8 25. Nd6 Ne8 26. Nc4 g5 27. fxg5
Nxg5 28. Be2 b5 29. Nd2 Ng7 30. Nb3 Nf5+ 31. Nxf5 Rxf5 32. Nc5 Kc7 33. b4 Rh3+
34. Kd2 Rh2 35. Ke3 Rff2 36. Re1 Rfg2 37. Nd3 Rh3+ 38. Kf4 Rxe2 39. Rxe2 Rxd3
40. Kxg5 Rxd4 41. a3 Kb6 42. Kf6 a5 43. Ke7 axb4 44. axb4 Bc8 45. Rb2 Rd5 46.
Kf6 c5 47. Rc2 c4 48. Rh2 Rd7 49. Rh8 Kc7 50. Re8 c3 51. Kxe6 Rd8+ 52. Kf7 Rxe8
53. Kxe8 c2 54. e6 0-1

[Event "Madrid ch Veteranos 2324"]
[Site "Madrid ESP"]
[Date "2024.03.19"]
[Round "7.32"]
[White "Martinez Miura, Enrique"]
[Black "Infante Martin, Alonso"]
[Result "1-0"]
[WhiteElo "1696"]
[BlackElo "1618"]
[PlyCount "77"]
[EventDate "2024.03.11"]
[EventType "swiss"]
[EventRounds "9"]
[EventCountry "ESP"]
[SourceTitle "Ajedrez en Madrid"]
[Source "lmi"]
[SourceDate "2024.03.11"]
[SourceVersion "1"]
[SourceVersionDate "2024.03.23"]
[SourceQuality "1"]

1. e4 e5 2. Nf3 Nc6 3. Bc4 Nf6 4. d3 d6 5. h3 Be7 6. O-O O-O 7. Nc3 Na5 8. Bb3
Nxb3 9. axb3 c6 10. Be3 h6 11. Rxa7 Rxa7 12. Bxa7 Bd7 13. Be3 Kh7 14. Na4 Be6
15. Qe2 c5 16. c4 Bd7 17. Nc3 Qc8 18. Kh2 Ng8 19. Nd5 Bd8 20. b4 b6 21. bxc5
bxc5 22. b4 cxb4 23. Nxb4 f5 24. exf5 Rxf5 25. Rc1 Rh5 26. Ng1 Rf5 27. c5 Ba5
28. Nd5 Qb7 29. Nb6 Bxb6 30. cxb6 Bc6 31. f3 Nf6 32. Qc2 Nd5 33. Qxc6 Qf7 34.
Bf2 Nf4 35. Bg3 Nxd3 36. Rc3 Nc5 37. Qxd6 e4 38. Rxc5 Rf6 39. Qc7 1-0

[Event "Madrid ch Veteranos 2324"]
[Site "Madrid ESP"]
[Date "2024.03.19"]
[Round "7.34"]
[White "Nevado Munoz, Rafael"]
[Black "Marcos Herrero, Francisco"]
[Result "0-1"]
[WhiteElo "1710"]
[BlackElo "1879"]
[PlyCount "78"]
[EventDate "2024.03.11"]
[EventType "swiss"]
[EventRounds "9"]
[EventCountry "ESP"]
[SourceTitle "Ajedrez en Madrid"]
[Source "lmi"]
[SourceDate "2024.03.11"]
[SourceVersion "1"]
[SourceVersionDate "2024.03.23"]
[SourceQuality "1"]

1. e4 c6 2. d4 d5 3. Nc3 dxe4 4. Nxe4 Nf6 5. Nc3 h5 6. Bc4 h4 7. Nce2 Bf5 8.
Bd3 e6 9. c4 Bb4+ 10. Bd2 Bxd3 11. Bxb4 Bxc4 12. b3 Bd5 13. f3 a5 14. Ba3 Na6
15. Nh3 Nc7 16. Rc1 Nb5 17. Bb2 Qb6 18. a4 Nd6 19. Rc3 O-O 20. O-O Rfe8 21. Kh1
Nf5 22. Rd3 Rac8 23. Ba3 Nd7 24. g4 hxg3 25. hxg3 c5 26. dxc5 Nxc5 27. Bxc5
Qxc5 28. Qd2 Qc2 29. Qd1 Qxe2 30. Qxe2 Nxg3+ 31. Kg2 Nxe2 32. Rf2 Rc2 33. Re3
Nd4 34. Rxc2 Nxc2 35. Rc3 Ne1+ 36. Kf2 Nxf3 37. Nf4 Bc6 38. Nd3 e5 39. Kg3 e4
0-1

[Event "Madrid ch Veteranos 2324"]
[Site "Madrid ESP"]
[Date "2024.03.19"]
[Round "7.35"]
[White "Perales Hernandez, Manuel"]
[Black "Camarero Izquierdo, Juan Carlos"]
[Result "0-1"]
[WhiteElo "1594"]
[BlackElo "1813"]
[PlyCount "66"]
[EventDate "2024.03.11"]
[EventType "swiss"]
[EventRounds "9"]
[EventCountry "ESP"]
[SourceTitle "Ajedrez en Madrid"]
[Source "lmi"]
[SourceDate "2024.03.11"]
[SourceVersion "1"]
[SourceVersionDate "2024.03.23"]
[SourceQuality "1"]

1. e4 c5 2. Bc4 e6 3. Nc3 a6 4. a4 d6 5. d3 Nc6 6. Nf3 Be7 7. O-O Nf6 8. d4
cxd4 9. Nxd4 Bd7 10. Nf3 Rc8 11. Re1 Qc7 12. Bf4 O-O 13. Qd2 Ne5 14. Be2 Bc6
15. Qd4 Nxf3+ 16. gxf3 e5 17. Qe3 exf4 18. Qxf4 Bd7 19. Bd3 Nh5 20. Qe3 Qd8 21.
Nd5 Bg5 22. f4 Bh6 23. e5 Be6 24. Qe4 g6 25. Be2 Bxd5 26. Qxd5 Nxf4 27. Qf3
dxe5 28. Bd3 Bg7 29. Rad1 Qh4 30. Rd2 Qg5+ 31. Kh1 Kh8 32. Rg1 Qh6 33. Rg3 Nh5
0-1

[Event "Madrid ch Veteranos 2324"]
[Site "Madrid ESP"]
[Date "2024.03.19"]
[Round "7.36"]
[White "Benito Mellado, Humberto"]
[Black "Lopez Saez, Maria Jose"]
[Result "1-0"]
[WhiteElo "1612"]
[BlackElo "1467"]
[PlyCount "52"]
[EventDate "2024.03.11"]
[EventType "swiss"]
[EventRounds "9"]
[EventCountry "ESP"]
[SourceTitle "Ajedrez en Madrid"]
[Source "lmi"]
[SourceDate "2024.03.11"]
[SourceVersion "1"]
[SourceVersionDate "2024.03.23"]
[SourceQuality "1"]

1. d4 d5 2. c4 Nf6 3. Nc3 b6 4. cxd5 Nxd5 5. e4 Nxc3 6. bxc3 g6 7. Bc4 Bg7 8.
Qf3 O-O 9. e5 c6 10. Ne2 e6 11. Ba3 Re8 12. O-O Bd7 13. Ng3 b5 14. Bb3 Na6 15.
Ne4 h6 16. Nd6 Rf8 17. Nb7 Qb6 18. Bxf8 Bxf8 19. Nd6 Bxd6 20. exd6 Rf8 21. Qf6
c5 22. Qe7 Qc6 23. d5 exd5 24. Bxd5 Qc8 25. Rfe1 Qe8 26. Qf6 c4 1-0

[Event "Madrid ch Veteranos 2324"]
[Site "Madrid ESP"]
[Date "2024.03.19"]
[Round "7.37"]
[White "Conchillo Roman, Jose Ignacio"]
[Black "Calle Trueba, Jose Antonio"]
[Result "1/2-1/2"]
[WhiteElo "1718"]
[BlackElo "1646"]
[PlyCount "82"]
[EventDate "2024.03.11"]
[EventType "swiss"]
[EventRounds "9"]
[EventCountry "ESP"]
[SourceTitle "Ajedrez en Madrid"]
[Source "lmi"]
[SourceDate "2024.03.11"]
[SourceVersion "1"]
[SourceVersionDate "2024.03.23"]
[SourceQuality "1"]

1. e4 e6 2. d4 d5 3. e5 c5 4. c3 Nc6 5. Nf3 Qb6 6. a3 Bd7 7. b4 cxd4 8. cxd4
Nge7 9. Nc3 Nf5 10. Na4 Qc7 11. Bb2 a6 12. Bd3 b5 13. Nc5 Bxc5 14. bxc5 O-O 15.
O-O b4 16. g4 Nfe7 17. h4 f5 18. g5 Be8 19. Ne1 Ng6 20. Ng2 Qf7 21. f4 Nge7 22.
Rf3 g6 23. Be2 Kg7 24. Rb3 Bd7 25. axb4 Rfb8 26. b5 axb5 27. Rxb5 Qe8 28. Rxb8
Qxb8 29. Rxa8 Qxa8 30. Qf1 Qa2 31. Bc3 Qc2 32. Qe1 Qa4 33. Qd2 Bc8 34. Qb2 Ba6
35. Bxa6 Qxa6 36. Qb6 Qa3 37. Qb2 Qa4 38. Ne3 Qa6 39. Kf2 Qd3 40. Qd2 Qe4 41.
Qe2 Nxd4 1/2-1/2

[Event "Madrid ch Veteranos 2324"]
[Site "Madrid ESP"]
[Date "2024.03.20"]
[Round "8.1"]
[White "Longa Yauca, Javier"]
[Black "Ramos Fernandez, Pedro"]
[Result "1-0"]
[WhiteElo "2238"]
[BlackElo "1981"]
[PlyCount "65"]
[EventDate "2024.03.11"]
[EventType "swiss"]
[EventRounds "9"]
[EventCountry "ESP"]
[SourceTitle "Ajedrez en Madrid"]
[Source "lmi"]
[SourceDate "2024.03.11"]
[SourceVersion "1"]
[SourceVersionDate "2024.03.23"]
[SourceQuality "1"]

1. d4 Nf6 2. c4 e6 3. Nf3 b6 4. Bg5 Bb7 5. Nc3 Bb4 6. Qb3 Bxc3+ 7. Qxc3 d6 8.
Nd2 Nbd7 9. f3 c5 10. e4 h6 11. Be3 e5 12. d5 Qe7 13. g3 g5 14. Bg2 Nh5 15. a3
Rg8 16. Qc2 Kd8 17. O-O-O Kc7 18. Nb1 Raf8 19. Nc3 a6 20. Bh3 Nb8 21. b4 Nd7
22. Kb2 Nhf6 23. Bf5 Kb8 24. Ka1 Qd8 25. Rb1 Qc7 26. Qb3 cxb4 27. Qxb4 a5 28.
Qb5 Rc8 29. Na4 Qxc4 30. Bxd7 Nxd7 31. Qxd7 Qd3 32. Qxd6+ Rc7 33. Bxb6 1-0

[Event "Madrid ch Veteranos 2324"]
[Site "Madrid ESP"]
[Date "2024.03.20"]
[Round "8.2"]
[White "Grabuzova, Tatiana"]
[Black "Candela Perez, Jose"]
[Result "0-1"]
[WhiteElo "2216"]
[BlackElo "2301"]
[PlyCount "138"]
[EventDate "2024.03.11"]
[EventType "swiss"]
[EventRounds "9"]
[EventCountry "ESP"]
[SourceTitle "Ajedrez en Madrid"]
[Source "lmi"]
[SourceDate "2024.03.11"]
[SourceVersion "1"]
[SourceVersionDate "2024.03.23"]
[SourceQuality "1"]

1. Nf3 d5 2. g3 c6 3. Bg2 Nf6 4. O-O Bf5 5. d3 e6 6. Nh4 Bg4 7. h3 Bh5 8. Qe1
Be7 9. e4 dxe4 10. dxe4 Nfd7 11. Nf3 e5 12. b3 O-O 13. Bb2 Bxf3 14. Bxf3 Bc5
15. b4 Be7 16. c4 a5 17. bxa5 Rxa5 18. Bc3 Ra4 19. Bd1 Ra8 20. Nd2 Na6 21. Nb3
Nac5 22. Bg4 Qc7 23. Bxd7 Nxd7 24. Bb4 c5 25. Ba5 b6 26. Bc3 Ra4 27. Qe2 Nb8
28. Rac1 Nc6 29. Rc2 Rc8 30. Rb1 g6 31. Nd2 Bg5 32. f4 exf4 33. Nf3 Bh6 34. g4
Re8 35. Rcb2 Ra3 36. Rb3 Rxb3 37. Rxb3 Qd8 38. e5 f6 39. e6 Qd6 40. Qd2 Rxe6
41. Qxd6 Rxd6 42. Rxb6 Bf8 43. a4 Rd3 44. Bxf6 Rxf3 45. Rxc6 Ra3 46. Ra6 Rxh3
47. g5 h6 48. Kf2 Rg3 49. Ra8 Kf7 50. Ra7+ Ke6 51. Ra8 Kf7 52. Ra7+ Ke6 53. Ra8
Bd6 54. gxh6 Rh3 55. Ra6 Kxf6 56. Rxd6+ Kf5 57. a5 Rxh6 58. a6 Rh2+ 59. Kf3
Rh3+ 60. Kf2 Ra3 61. Rc6 Ra2+ 62. Kf3 Ra3+ 63. Kf2 Ra5 64. a7 Rxa7 65. Rxc5+
Kg4 66. Rb5 Ra2+ 67. Kg1 Rc2 68. Rc5 g5 69. Kh1 Kh4 0-1